000 00723 a2200169 4500
001 125147
020 _a9788585357535
040 _cEscola Canadense de Niteroi
090 _aHAR-S1
100 _aHargreaves, Roger
245 1 0 _aSeu Zangado
260 _aSão Paulo
300 _bil.
_c3 x 0.4 x 14 cm
362 0 _a1996
520 _aOs personagens pitorescos dessa coleção, criados por Roger Hargreaves, simbolizam de uma forma divertida o comportamento do ser humano. Seu sucesso se deve, em parte, à fácil assimilação dos personagens, que representam sentimentos e sensações universais como medo, felicidade, vaidade e arrogância, identificáveis por crianças de todas as partes do mundo.
942 _cBK
999 _c125147
_d125147